Quizzes
Events
Quiz Creation
Community
Videos
Private Events
Remove Ads
Sign In
Join for FREE
Feedback
Dark Mode
Quiz Categories
Sports
Geography
Music
Movies
Television
Just For Fun
Miscellaneous
History
Literature
Language
Science
Gaming
Entertainment
Religion
Holiday
For Kids
Quiz Lab
Recent
Popular Today
Quiz Kudos Today
Editor Picks
Curator Picks
Quizzes by...
Day
Popularity
Type
Ratings
Length
Year
Community
Subscriptions
Recent Discussions
Orange Saloon
Badges
Playlists
Quests
Create
Leaderboards
Showdown
Live 5
Trivia Bingo
Activity
Puzzle Library
Sporcle Events
Private Events
Virtual Trivia
Globe League
Become a Host
Pub Owners
SporcleCon
Opinionation
Our Games
Videos
Blog
Mobile Apps
Partnerships
Remove Ads and Go Orange
Feedback
Entertainment
Celebrity
Famous
Musical
Broadway
Show
Quote
Comic Books
Anime
Superhero
DC Comics
Marvel
Cartoons
Animation
Entertainment
Celebrity
Famous
Musical
Broadway
Show
Quote
Comic Books
Anime
Superhero
DC Comics
Marvel
Cartoons
Animation
Random Quiz
Search Sporcle
×
Quiz Lab
Quiz Lab
Entertainment
Comic Books
Type in answers that appear in a list
Type in answers that appear in a list
Classic
Best Score? Go Orange.
Hellblazer Quiz Stats
Can you name the answers to these Hellblazer related questions?
By
Dr_Nibbles
6m
24 Questions
255 Plays
255 Plays
255 Plays
Comments
Comments
Give Quiz Kudos
Give Quiz Kudos
-
- Ratings
hide this ad
More Info
Replay
Link that replays current quiz
Next Quiz
Link to next quiz in quiz playlist
You Got
0%
They Got
Avg Score
57%
Avg Friend Score
Upgrade to see
Score Distribution
Jump to the score distribution portion of the page
Score
0/24
Timer
06:00
1
Play Today
Question
Answer
% Correct
What's the name of the main character?
John Constantine
98%
In which comic book series did he have his first appearance?
Swamp Thing
98%
Which movie is loosely based on the main character?
Constantine
81.2%
Who is usually credited as being the creator of Hellblazer
Alan Moore
80.8%
What's the name of his best (and only recurring and surviving) friend?
Chas Chandler
77.6%
How did he get rid of his lung cancer?
promising his soul to all 3 lords of Hell
75.7%
Which city did he grow up in?
Liverpool
71%
Which famous British science fiction and fantasy author wrote only one story for Hellblazer?
Neil Gaiman
68.6%
Who wrote the largest amount of Hellblazer stories
Garth Ennis
65.1%
Who was the first writer of the Hellblazer series
Jamie Delano
62%
What's the name of the demon who was involved in the incident, and whose blood is running in his veins?
Nergal
60.4%
What's the name of the New York based Voodoo Priest?
Papa Midnite
57.3%
Question
Answer
% Correct
What's the name of the band he played in when he was younger?
Mucous Membrane
55.3%
What's the name of the girl involved?
Astra
54.5%
And his also magically inclined niece?
Gemma Masters
53.3%
Which other comic book series' kid magician did he help find his way in the beginning?
Books of Magic
48.6%
Name the mental institution he was sent to after the above incident.
Ravenscar Secure Facility
45.9%
His most meaningful relationship in the past was with ...?
Kit
44.3%
Besides the answer to no. 16, who is his other nemesis during the 80s and 90s?
The First of the Fallen
42.4%
The name of his sister?
Cheryl Masters
41.2%
And the name of his recurring succubus 'friend'?
Chantinelle (Ellie)
34.1%
How did his brother die?
strangled with umbilical cord
32.5%
What happened in Newcastle?
botched summoning
25.9%
What did he steal from him when they met the first time?
His cigarettes
16.9%
Quiz Playlist
Details
Report
Send in Message
Add To Playlist
More Info:
Something for the fans of the Hellblazer series ;)
Classic:
Type in answers that appear in a list
Quiz Source
Last Updated: Feb 16, 2017
Quiz Scoreboard
CHALLENGE
Sign Up to Join the Scoreboard
Show All
Scores
Hide
Comments
May contain spoilers
Recently Published
9x9 Crossword: Cartoon Network
by jackfrog10
Miscellaneous
3m
College Basketball Coaching Resumes
by pancakes188
Sports
9m
Billboard Blitz: Fleetwood Mac
by CooCooCachoo
Music
15s
More to Explore
Quiz From the Vault
Featured Blog Post
Where Did the Easter Bunny Come From?
hide this ad
You Might Also Like...
Tags
Comic Books Quiz
DC Comics Quiz
Antihero
Comic Character
DC Characters
Graphic Novels
Vertigo
Today's Top Quizzes in Entertainment
Browse Entertainment
hide this ad
Today's Top Quizzes in Comic Books
Browse Comic Books
Top Contributed Quizzes in Entertainment
1
7-to-1: DC Comics Villains
2
Marvel Characters Bunker
3
Eurovision 2023 Logic Puzzle
4
Dragon Ball Z: Goku's Fights in Order
5
Criteria Quickie: Cartoon Taxonomy II
6
Sorting Pictures: Villains
7
Kamen Rider Motifs
8
Mini Trivia Sudoku: Musicals
9
Fictional Villains Letter U Blitz
10
7-to-1: One Piece
Explore More
Trending Topics
Crossword
Marvel
Kpop
Anime
Disney
NBA
Harry Potter
Song
Soccer
NFL
Pokémon
Puzzle
Country
The Office
WWE
hide this ad
More By:
Dr_Nibbles
Quiz
Plays
Rating
Category
Featured
Created
Game of Thrones: Hodor
47,958
4.43
Literature
Jun 28, 2013
The Sierra Leone Quiz
8,222
4.76
Geography
Jun 26, 2011
Sith/Jedi or Israeli Politician
3,063
4.76
Just For Fun
Feb 28, 2013
Germany's oldest cities
760
4.67
History
Feb 10, 2011
Country Quiz: Andorra
745
4.08
Geography
Jun 23, 2011
Go to Creator's Profile
Score Distribution
Quiz Creator Spotlight
Dr_Nibbles
Follow
Send a Message
Quizzes Created
-
Created Quiz Play Count
-
More By This Creator
Popular Quizzes Today
1
Find the US States - No Outlines Minefield
2
Find the Countries of Europe - No Outlines Minefield
3
The Countries of the World
4
Find the US States
5
Risky Map Clicking: Biggest States A-Z
6
US States
7
Popular People in 1961
8
Movies - When Are They Set?
More Entertainment Quizzes
Find the Fictional Vehicles
Published
Trending Quizzes
Risky Map Clicking: Least Populous States A-Z
1-10 Letter G Words
1-10 Letter F Words
Risky Map Clicking: Next State Alphabetically
Adjectives in 80s TV Shows
Recently Updated
Leaping Animals
pecheneg
Reality TV Shows (A-Z)
bhenderson79
Rickey Henderson's Hall of Fame Teammates
pecheneg
Champions League XIs: Arsenal
pecheneg
Quick Pick: Celebrities in WWE's Hall of Fame
aduchscher
A-Z Keypad Blitz II
pecheneg
Multiple Oscar Actors
pecheneg
Mystery Phrase Blitz: Oscar 'Best Actors'
pecheneg
F. Scott Fitzgerald Novels
LTH
Pick 3 Villains
ddd62291
Trending Topics
Marvel
Harry Potter
Crossword
Disney
Kpop
Anime
NBA
Song
NFL
Country
Pokémon
WWE
Puzzle
The Office
Soccer
Your Account Isn't Verified!
In order to create a playlist on Sporcle, you need to verify the email address you used during registration. Go to your
Sporcle Settings
to finish the process.
Report this User
Report this user for behavior that violates our
Community Guidelines
.
Details:
Send Report
Go to the Sporcle.com Mobile Site →
Comments